| 000 | 00572nam a2200193Ii 4500 | ||
|---|---|---|---|
| 003 | JO-AjNU | ||
| 008 | 230606s9999||||xx |||||||||||||| ||und|| | ||
| 040 |
_aJO-AjNU _beng _erda _cJO-AjNU |
||
| 041 | _aeng | ||
| 050 | 1 | 4 | _aPE1580.S45 1977 |
| 100 | 3 |
_aShipley,Joseph T, _eauthor _95545 |
|
| 245 | 0 | 0 | _aDictionary of word origins |
| 264 | 3 | 1 | _aNew Jersey: Littlefield adams,1977 |
| 300 | _a480p | ||
| 336 |
_atext _btxt _2rdacontent |
||
| 337 |
_aunmediated _bn _2rdamedia |
||
| 338 |
_avolume _bnc _2rdacarrier |
||
| 650 | 4 |
_aEnglish language-Etymology-Dictionaries _95546 |
|
| 999 |
_aE2868 _c2866 _d2866 |
||